000 01451nam a2200289Ia 4500
999 _c41969
_d41969
001 8653
003 GE_BSU
005 20240523163536.0
008 181216s2009||||ge |||||||||||||| ||geo||
020 _a9789941141720
040 _cGE_BSU
041 _ageo
080 _a51(075.4)+514(075.4)+514(076.1) მ-15
245 _aმათემატიკა. მეორე ნაწ. გეომეტრია :
_bდამხმ. სახელმძღვ. უმაღლ. სასწ. შემსვლელთათვის /
_cს. თოფურია, გ. აბესაძე, მ. ხოჭოლავა, ზ. მეტრეველი ; რედ. ს. თოფურია.
250 _aმე-5 გადამუშავებული გამოცემა
264 _aთბილისი :
_bტექნ. უნ-ტი,
_c2009.
300 _a319 გვ. ;
_c20 სმ.
541 _h15 ლ.
653 _aგეომეტრია
653 _aმათემატიკა. მეორე ნაწილი
700 _aთოფურია, ს.
_eავტორი
_922163
700 _aაბესაძე, გ.
_eავტორი
_91415
700 _aხოჭოლავა, მ.
_eავტორი
_922164
700 _aმეტრეველი, ზ.
_eავტორი
_95368
700 _aთოფურია, ს.
_eრედაქტორი
_922163
942 _cBK
_2udc